| 000 | 00884nam a2200241 a 4500 | ||
|---|---|---|---|
| 001 | 63707 | ||
| 003 | BD-RjUL | ||
| 005 | 20211209081226.0 | ||
| 008 | 170202s1965 bg ||||| |||| 00| 0 ben d | ||
| 020 | _c: TK 1.75 | ||
| 035 | _a(BD-RjUL) 63836 | ||
| 040 |
_aBD-RjUL _bben _cBD-RjUL |
||
| 041 | _aben | ||
| 082 |
_223 _a891.443 _bALP 1965 |
||
| 100 |
_aআলী, আর্জমন্দ _9178160 |
||
| 245 | 1 | 0 |
_aপ্রেম-দর্পণ / _cআর্জমন্দু আলী |
| 260 |
_aরাজশাহী : _bমখদুমী লাইব্রেরী, _c১৯৬৫ |
||
| 300 |
_a৯২ পৃ. ; _c১৭ সেমি. |
||
| 650 |
_aবাংলা উপন্যাস _9170454 |
||
| 650 |
_aBengali Fictions _9170515 |
||
| 700 |
_aকাইউম, মোহাম্মদ আবদুল, সম্পাদক _9178609 |
||
| 942 |
_2ddc _cBK |
||
| 999 |
_c63707 _d63707 |
||